DTM Champions - Statistics

General Stats
  • This quiz has been taken 28 times
    7 since last reset
  • The average score is 15 of 27
Answer Stats
Answer % Correct
René Rast
100%
Mirko Bortolotti
86%
Sheldon van der Linde
86%
Thomas Preining
86%
Ayhancan Güven
71%
Bernd Schneider
71%
Bruno Spengler
71%
Gary Paffett
71%
Martin Tomczyk
71%
Mattias Ekström
71%
Pascal Wehrlein
71%
Paul di Resta
71%
Timo Schneider
71%
Frank Biela
57%
Klaus Ludwig
57%
Kurt Thiim
57%
Laurent Aïello
57%
Marco Wittmann
57%
Maximilian Götz
57%
Mike Rockenfeller
57%
Manuel Reuter
43%
Nicola Larini
43%
Hans-Joachim Stuck
29%
Eric van de Poele
14%
Per Stureson
14%
Roberto Ravaglia
0%
Volker Strycek
0%
No matching quizzes found
Score Distribution
Percent of People with Each Score
Percentile by Number Answered
Your Score History
You have not taken this quiz since the last reset